Mapocho. Edición definitiva.

Saved in:
Bibliografiske detaljer
Hovedforfatter: Fernández Silanes, Nona (autora)
Format: Ukendt
Sprog:engelsk
Udgivet: Alquimia Ediciones, 2019.
Udgivelse:Primera edición, segunda reimpresión.
Fag:
Tags: Tilføj Tag
Ingen Tags, Vær først til at tagge denne postø!

MARC

LEADER 00000 a2200000 4500
003 CL-VaPUC
005 20230607091326.0
008 230530t2019 ||||| |||| 00| 0 eng d
999 |c 440769  |d 440767 
020 |a 978-956-9974-17-5 
040 |c Pontificia Universidad Católica de Valparaíso 
082 |2 22  |a Ch863 FER 2019 
100 |9 535328  |a Fernández Silanes, Nona  |e autora 
245 |a Mapocho.  |b Edición definitiva.  
250 |a Primera edición, segunda reimpresión. 
260 |b Alquimia Ediciones,   |c 2019. 
300 |a 214 páginas.  
583 |k Catalogador Asistente  |c 20230530 
650 0 |9 265425  |a Novelas chilenas   |z Mapocho, Santiago   |v Crítica   |x Historia oficial 
650 0 |a Literatura chilena   |y Siglo 21  |9 308278 
942 |2 ddc  |c BK 
952 |0 0  |1 0  |2 ddc  |4 0  |6 CH_863_000000000000000_FER_2019  |7 0  |8 A  |9 590211  |a BIBART  |b BIBART  |c GEN  |d 2023-05-26  |e 181  |g 13000.00  |i 5657556  |l 2  |o Ch863 FER 2019  |p 5657556  |r 2025-03-13  |s 2023-11-20  |t 1  |v 13000.00  |w 2023-05-26  |y BK  |k ART